Curso de formação política para candidatos : (Record no. 1585)

MARC details
000 -LÍDER
Campo Fixo de Controle 00603nam a2200205 a 4500
001 - NÚMERO DE CONTROLE
Campo de Controle 1585
003 - IDENTIFICAÇÃO DO NÚMERO DE CONTROLE
Campo de Controle BR-CuiBMT
005 - DATA E HORA DA ÚLTIMA ATUALIZAÇÃO
Campo de Controle 20231216003114.0
008 - DADOS FIXOS
Dados Fixos 231216s1997 dfb 000 0 por d
040 ## - AGÊNCIA CATALOGADORA
Código da Agência Catalogadora BR-CuiBMT
Agência que transcreveu o registro BR-CuiBMT
080 ## - Nº DA CLASSIFICAÇÃO DECIMAL UNIVERSAL
Nº edição CDU 2007
Nº Class. CDU 324
Subd. Auxiliar Comum (81)
090 ## - NÚMERO DE CHAMADA
Nº classificação 324(81)
Cutter C977
245 1# - TÍTULO PRINCIPAL
Título principal Curso de formação política para candidatos :
Subtítulo eleições municipais.
260 ## - PUBLICAÇÃO, DISTRIBUIÇÃO, ETC.
Local de publicação Brasília :
Editora Instituto Teotônio Vilela,
Data 1997.
300 ## - DESCRIÇÃO FÍSICA
N. páginas ou volumes 119 p.:
Dimensões 21 cm
650 ## - ASSUNTO TÓPICO
Cabeçalho tópico ou nome geográfico Curso de formação politica
650 ## - ASSUNTO TÓPICO
Cabeçalho tópico ou nome geográfico Marketing eleitoral
650 ## - ASSUNTO TÓPICO
Cabeçalho tópico ou nome geográfico Convenção nacional PSDB
942 ## - ELEMENTOS DE ENTRADA ADICIONAIS (KOHA)
Fonte de classificação ou esquema de arquivamento Classificação Decimal Universal
Tipo de item do Koha Livros
Holdings
Estado: removido Estado: perdido Fonte de classificação ou esquema de arquivamento Estado: danificado Indisponível para empréstimo Localização permanente Localização atual Data de aquisição Total Checkouts Número de Chamada completo Código de barras Date last seen Número do exemplar Preço efetivo a partir de Tipo de item (Koha)
    Classificação Decimal Universal     Biblioteca da Escola Superior de Contas do TCE/MT Biblioteca da Escola Superior de Contas do TCE/MT 15/12/2023   324(81) C977 BIBTCEMT23120650 16/12/2023 Ex. 1 16/12/2023 Livros

Powered by Koha